The WWF environment handbook
| Main Author: | |
|---|---|
| Format: | Book |
| Published: |
sss.l :
WWF ,
1990
|
| Subjects: |
MARC
| LEADER | 00000cam a2200000 7i4500 | ||
|---|---|---|---|
| 001 | 0000002119 | ||
| 002 | 000002315 | ||
| 005 | 20000330.0 | ||
| 020 | |a 0356188396 | ||
| 090 | 0 | 0 | |a 333.72 |b CAR |
| 100 | 1 | |a Carwardine, Mark | |
| 245 | 1 | 4 | |a The WWF environment handbook |c Mark Carwardine |
| 260 | |a sss.l : |b WWF , |c 1990 | ||
| 300 | |a 178p | ||
| 650 | 0 | 0 | |a Environment |x Conservation of natural resources |
| 999 | |a 028220 |b BUKU |c RUJUKAN |e PERPUSTAKAAN KOMUNITI PETALING JAYA | ||